01132nam a2200277 a 450000100100000000500170001000800410002704000250006804100380009308200160013110000400014724000370018724501020022426000720032630000210039850400740041953400540049365000400054765000350058765000270062270000320064970000270068104900090070895201200071799900170083700002095720250520120032.0100824s1970 ag r 000 0 spa d aDO-SdBNPbspacBNPHU17aspaheng2Código de idioma MARC a371.3bE23m1 aEdge, Findley B.,d1916-200294389110aHelping the teacher.lEspañol.10aMetodología pedagógica / :bFindley B. Edge ; traducción de Celia Mendoza y Sara P. Molina. aBuenos Aires, (Argentina) :bCasa Bautista de Publicaciones,c1970. a155 p. ;c22 cm. aIncluye referencias bibliográficas y notas al pie de las páginas. pTítulo original inglés:tHelping the teacher. 4aMetodología en pedagogía917525 4aMetodos de enseñanzas943892 0aPsicopedagogía915701 aMendoza, Celia,etr.9438931 aMolina, Sara P.943894 aBNGR 001054708MOaGRbGRcCTd2010-08-24iLF1l0o371.3 E23mp20957-10r2020-06-25w2020-06-25y4ZPréstamo en sala c20460d20460